[Event "16. Sombor open"]
[Site "?"]
[Date "2024.04.08"]
[Round "4.9"]
[White "Gajcin, Sinisa"]
[Black "Kelic, Dusan"]
[Result "1-0"]
[WhiteElo "1834"]
[BlackElo "1694"]
[PlyCount "57"]
[EventDate "2024.04.01"]

1. e4 c5 2. Nf3 d6 3. d4 cxd4 4. Nxd4 Nc6 5. Nc3 Nf6 6. Be2 e6 7. Be3 Be7 8.
Qd2 O-O 9. O-O-O Qa5 10. Kb1 d5 11. Nb3 Qd8 12. exd5 exd5 13. Bf3 Be6 14. h4
Ne5 15. Be2 b6 16. Nd4 Bb4 17. Nxe6 fxe6 18. f3 Rc8 19. Bd4 Nc4 20. Bxc4 Rxc4
21. Qe2 Qd7 22. Rhe1 Kf7 23. Bxf6 gxf6 24. Qxc4 a5 25. Qd3 Rc8 26. Qxh7+ Ke8
27. Qxd7+ Kxd7 28. Re3 Bc5 29. Red3 1-0

[Event "16. Sombor open"]
[Site "?"]
[Date "2024.04.08"]
[Round "4.11"]
[White "Basaric, Ana"]
[Black "Plavsic, Nikola"]
[Result "1-0"]
[WhiteElo "1580"]
[BlackElo "1542"]
[PlyCount "89"]
[EventDate "2024.04.01"]

1. e4 e5 2. Nf3 Nc6 3. Bc4 Bc5 4. c3 Qf6 5. d3 h6 6. Bb3 d6 7. h3 Be6 8. Nbd2
Nge7 9. O-O O-O 10. Re1 Rad8 11. Nf1 Kh7 12. Ng3 g6 13. Bxe6 fxe6 14. Qd2 Qf4
15. Ne2 Qxd2 16. Bxd2 g5 17. a4 a5 18. Ng3 Rb8 19. Be3 Bxe3 20. Rxe3 Ng6 21.
Ne2 Nf4 22. d4 Nxe2+ 23. Rxe2 exd4 24. cxd4 Rxf3 25. gxf3 Nxd4 26. Re3 Nc2 27.
Ree1 Nxa1 28. Rxa1 Rf8 29. Kg2 d5 30. Rd1 Rd8 31. Kg3 h5 32. f4 c6 33. fxg5 Kg6
34. Kf4 Kf7 35. Ke5 Rg8 36. f4 Ke7 37. exd5 exd5 38. h4 Rf8 39. f5 Kf7 40. f6
Re8+ 41. Kf5 Rg8 42. Rg1 Re8 43. g6+ Kf8 44. f7 Rc8 45. Kf6 1-0

[Event "16. Sombor open"]
[Site "?"]
[Date "2024.04.10"]
[Round "5.1"]
[White "Matkovic, Simana"]
[Black "Lalic, Miroslav"]
[Result "1/2-1/2"]
[WhiteElo "1948"]
[BlackElo "1945"]
[PlyCount "138"]
[EventDate "2024.04.01"]

1. d4 d5 2. Bf4 e6 3. e3 c5 4. c3 cxd4 5. exd4 Nf6 6. Nf3 Be7 7. Nbd2 Nc6 8.
Bd3 h6 9. Ne5 Nxe5 10. dxe5 Nd7 11. O-O Nc5 12. Bb5+ Bd7 13. Be2 a6 14. a4 a5
15. Nf3 Qb6 16. Bb5 Bxb5 17. axb5 Qxb5 18. b4 Ne4 19. Nd4 Qc4 20. Qa4+ Kf8 21.
Qd7 Nxc3 22. Rfc1 Qxd4 23. Rxc3 Rd8 24. Qc7 Qxf4 25. bxa5 f6 26. exf6 Qxc7 27.
fxg7+ Kxg7 28. Rxc7 Kf6 29. Rxb7 Bc5 30. Rc1 Rc8 31. Rcb1 Ra8 32. R7b5 Bd4 33.
Rd1 Be5 34. g3 Ra6 35. Rd3 Rha8 36. Rf3+ Kg6 37. Re3 Bc7 38. Rb7 Bxa5 39. Rf3
R8a7 40. Rb8 Ra8 41. Rb7 R6a7 42. Rb5 Bd2 43. Rb6 Re7 44. Rd3 Ra1+ 45. Kg2 Ba5
46. Ra6 Bc3 47. Rc6 Bf6 48. h4 Re1 49. Rc8 Rb7 50. Rf3 Re4 51. Kh3 h5 52. Re8
Rd7 53. Kg2 Rd8 54. Rxf6+ Kxf6 55. Rxd8 Re5 56. Rd7 Rf5 57. f4 Kg6 58. Kf3 Rf6
59. Rd8 Rf7 60. Rg8+ Rg7 61. Re8 Kf6 62. Rh8 Kg6 63. Rd8 Rh7 64. Rd6 Kf5 65.
Kf2 Ra7 66. Rd8 Ra2+ 67. Kf3 Ra3+ 68. Kf2 Ra2+ 69. Kf3 Ra3+ 1/2-1/2

[Event "16. Sombor open"]
[Site "?"]
[Date "2024.04.10"]
[Round "5.2"]
[White "Beslin, Igor"]
[Black "Vujnovic, Igor"]
[Result "0-1"]
[WhiteElo "1954"]
[BlackElo "1810"]
[PlyCount "126"]
[EventDate "2024.04.01"]

1. e4 e6 2. d4 d5 3. Nc3 dxe4 4. Nxe4 Nd7 5. Nf3 Ngf6 6. Bd3 Nxe4 7. Bxe4 Nf6
8. Bd3 Bd6 9. O-O O-O 10. Bg5 b6 11. c4 Bb7 12. Re1 h6 13. Bh4 c5 14. dxc5 Bxc5
15. Qe2 Qc7 16. Bxf6 gxf6 17. a3 Qf4 18. Be4 Bxe4 19. Qxe4 Qxe4 20. Rxe4 Rad8
21. b4 Be7 22. Nd4 f5 23. Nxf5 Bf6 24. Nxh6+ Kg7 25. Nxf7 Rxf7 26. Rb1 Bd4 27.
Re2 e5 28. g3 Rdf8 29. Rf1 Rf3 30. a4 Rb3 31. a5 Rxb4 32. axb6 axb6 33. Rc1 Rb3
34. Rcc2 Rbf3 35. Kg2 R8f6 36. h4 Kh6 37. Ra2 Kh5 38. Rac2 Rf8 39. Ra2 Rc3 40.
Ra4 Rc8 41. Kh3 R8xc4 42. Rxc4 Rxc4 43. g4+ Kg6 44. Ra2 b5 45. Ra6+ Kg7 46. Kg3
Rc3+ 47. Kg2 Rc2 48. h5 Rxf2+ 49. Kg3 Rf1 50. Rg6+ Kh7 51. g5 b4 52. Rh6+ Kg7
53. Rg6+ Kf7 54. Rc6 Rg1+ 55. Kh4 Bf2+ 56. Kh3 Rxg5 57. h6 Kg8 58. Rc7 b3 59.
Rb7 Rg3+ 60. Kh2 Rd3 61. Kg2 Bd4 62. Kf1 b2 63. Ke2 Rh3 0-1

[Event "16. Sombor open"]
[Site "?"]
[Date "2024.04.10"]
[Round "5.3"]
[White "Knezevic, Janko"]
[Black "Stojakovic, Dusan"]
[Result "1-0"]
[WhiteElo "1904"]
[BlackElo "1775"]
[PlyCount "64"]
[EventDate "2024.04.01"]

1. e4 c5 2. Nf3 Nc6 3. Bb5 g6 4. Bxc6 bxc6 5. d3 Bg7 6. O-O e6 7. Nc3 Rb8 8. e5
d6 9. Re1 dxe5 10. Nxe5 Bb7 11. Qf3 Qf6 12. Qg3 Qd8 13. Ne4 Ne7 14. Nxf7 Kxf7
15. Ng5+ Kg8 16. Nxe6 Nf5 17. Nxd8 Nxg3 18. Re8+ Bf8 19. Bh6 Rxd8 20. Rxd8 Kf7
21. Rxf8+ Rxf8 22. Bxf8 Ne2+ 23. Kf1 Kxf8 24. Kxe2 Ke7 25. Ke3 Ke6 26. c4 Bc8
27. f3 Ke5 28. g4 g5 29. Rh1 h6 30. h4 Kf6 31. hxg5+ Kxg5 32. Rh5+ Kg6 1-0

[Event "16. Sombor open"]
[Site "?"]
[Date "2024.04.10"]
[Round "5.4"]
[White "Sasic, Miodrag"]
[Black "Delija, Dragan"]
[Result "0-1"]
[WhiteElo "1747"]
[BlackElo "1893"]
[PlyCount "88"]
[EventDate "2024.04.01"]

1. e4 c5 2. Nf3 d6 3. d4 cxd4 4. Nxd4 a6 5. Nc3 Nf6 6. f3 e6 7. Be3 b5 8. Qd2
Bb7 9. Bd3 Be7 10. g4 Nc6 11. a3 Qc7 12. Nxc6 Bxc6 13. Qf2 Nd7 14. h4 h6 15.
Ke2 Rc8 16. Rad1 Qb7 17. b4 Ne5 18. g5 h5 19. Bd4 Nxd3 20. Kxd3 e5 21. Bb6 d5
22. exd5 Bxd5 23. Rhe1 Bc4+ 24. Kd2 Qd7+ 25. Bd4 exd4 26. Ne4 O-O 27. f4 a5 28.
Nf6+ gxf6 29. gxf6 Bxf6 30. Rg1+ Kh7 31. Qf3 Qf5 32. Rg5 Bxg5 33. Qxh5+ Kg7 34.
Qxg5+ Qxg5 35. fxg5 Rfe8 36. Rh1 Re2+ 37. Kd1 Rce8 38. bxa5 R8e3 39. Kc1 Re1+
40. Rxe1 Rxe1+ 41. Kb2 Kg6 42. a4 bxa4 43. Ka3 Re2 44. Kxa4 Rxc2 0-1

[Event "16. Sombor open"]
[Site "?"]
[Date "2024.04.10"]
[Round "5.5"]
[White "Stojkovic, Andreja"]
[Black "Babac, Zoran"]
[Result "1-0"]
[WhiteElo "1845"]
[BlackElo "1798"]
[PlyCount "113"]
[EventDate "2024.04.01"]

1. e4 c5 2. Nc3 g6 3. f4 Bg7 4. Bc4 Nc6 5. Nf3 e6 6. O-O Nf6 7. d3 O-O 8. f5
gxf5 9. Qe1 d6 10. Bg5 Ne7 11. Kh1 Ng6 12. exf5 exf5 13. Nh4 Kh8 14. Nxf5 Bxf5
15. Rxf5 h6 16. Bh4 Nxh4 17. Qxh4 Nh7 18. Qh5 Qe8 19. Ne4 f6 20. Qxe8 Raxe8 21.
Nxd6 Re7 22. h4 b6 23. Raf1 Rd7 24. Rd5 f5 25. Nxf5 Rxd5 26. Bxd5 Bxb2 27. Rf3
Bg7 28. Ne7 Rf6 29. Nf5 Nf8 30. g4 Nd7 31. Nxg7 Rxf3 32. Bxf3 Kxg7 33. Kg2 Kf6
34. Kg3 Ke5 35. Bc6 Nf8 36. c3 Ne6 37. Kf3 Ng7 38. Bd7 Kd6 39. Bf5 Ke5 40. Bc8
Ne8 41. Ke3 Nd6 42. Bd7 Nf7 43. d4+ cxd4+ 44. cxd4+ Kd6 45. Be8 Nd8 46. Ke4 Ne6
47. Bf7 Ng7 48. g5 hxg5 49. hxg5 b5 50. Kf4 b4 51. g6 a5 52. Kg5 Ke7 53. Bb3
Ne8 54. Kh6 Kf6 55. d5 Ng7 56. d6 Nf5+ 57. Kh7 1-0

[Event "16. Sombor open"]
[Site "?"]
[Date "2024.04.10"]
[Round "5.6"]
[White "Gajcin, Sinisa"]
[Black "Mandaric, Petar"]
[Result "1/2-1/2"]
[WhiteElo "1834"]
[BlackElo "1851"]
[PlyCount "61"]
[EventDate "2024.04.01"]

1. e4 e5 2. Nf3 Nc6 3. Bb5 a6 4. Ba4 Bc5 5. c3 b5 6. Bb3 Nf6 7. O-O d6 8. d4
Bb6 9. dxe5 Nxe5 10. Nxe5 dxe5 11. Qxd8+ Kxd8 12. Nd2 Ke7 13. Nf3 Nd7 14. a4
Bb7 15. Re1 f6 16. Nh4 g6 17. a5 Ba7 18. g4 Nc5 19. Bc2 Ne6 20. Be3 Bxe3 21.
Rxe3 Rhd8 22. Nf3 Rd6 23. Ne1 Rd2 24. Rd3 Rd8 25. Rxd8 Nxd8 26. f3 c5 27. b4
cxb4 28. cxb4 Nc6 29. Rb1 Nd4 30. Bd1 Ke6 31. Rc1 {NECITKO.} 1/2-1/2

[Event "16. Sombor open"]
[Site "?"]
[Date "2024.04.10"]
[Round "5.7"]
[White "Novakovic, Aleksandar"]
[Black "Djurosev, Djordje"]
[Result "1-0"]
[WhiteElo "1981"]
[BlackElo "1694"]
[PlyCount "28"]
[EventDate "2024.04.01"]

1. e4 e5 2. f4 Bc5 3. Nf3 d6 4. Bc4 Nf6 5. Nc3 Bg4 6. fxe5 dxe5 7. Bxf7+ Kf8 8.
d3 c6 9. Bb3 b5 10. Qe2 a5 11. a4 b4 12. Nd1 Bb6 13. Ne3 c5 14. Nxg4 Nxg4 1-0

[Event "16. Sombor open"]
[Site "?"]
[Date "2024.04.10"]
[Round "5.9"]
[White "Kokai, Lea"]
[Black "Rajic, Dijana"]
[Result "0-1"]
[WhiteElo "1575"]
[BlackElo "1551"]
[PlyCount "64"]
[EventDate "2024.04.01"]

1. e4 c5 2. d4 e6 3. Nf3 Nf6 4. Nc3 Nc6 5. Bg5 cxd4 6. Nxd4 h6 7. Bh4 Be7 8.
Bc4 Nxe4 9. Bxe7 Nxc3 10. Bxd8 Nxd1 11. Nxc6 Nxb2 12. Bb3 bxc6 13. Ba5 d5 14.
Bc3 Nc4 15. Bxg7 Rg8 16. Bxh6 Rxg2 17. Bf4 Rg4 18. Bg3 f6 19. h4 e5 20. h5 Bf5
21. h6 Kf7 22. Bxc4 Rxc4 23. Rb1 Rxc2 24. Rb7+ Ke6 25. Kf1 Rc1+ 26. Kg2 Be4+
27. f3 Bxf3+ 28. Kxf3 Rxh1 29. h7 a5 30. Kg2 Ra1 31. Rb2 Rh8 32. Rb7 Rxa2+ 0-1

[Event "16. Sombor open"]
[Site "?"]
[Date "2024.04.10"]
[Round "5.12"]
[White "Plavsic, Nikola"]
[Black "Radisic, Andjelija"]
[Result "1/2-1/2"]
[WhiteElo "1542"]
[BlackElo "1456"]
[PlyCount "71"]
[EventDate "2024.04.01"]

1. e4 d5 2. exd5 Qxd5 3. Nc3 Qd6 4. d4 Nf6 5. Nf3 c6 6. h3 h6 7. Be3 Bf5 8. Bd3
Bxd3 9. Qxd3 e6 10. O-O Qc7 11. Rfe1 Bd6 12. Rad1 Nbd7 13. a3 Bf4 14. Bxf4 Qxf4
15. Qe3 Qxe3 16. fxe3 O-O 17. e4 Nb6 18. b3 Rfd8 19. Rd2 Rd7 20. Ne5 Rc7 21.
Red1 Rd8 22. Nf3 Rcd7 23. e5 Nfd5 24. Nxd5 cxd5 25. Rc1 Rc7 26. a4 Rc3 27. Rd3
Rdc8 28. Rxc3 Rxc3 29. Ne1 Nd7 30. Rd1 Nf8 31. Rd3 Rxd3 32. Nxd3 Ng6 33. g3 Ne7
34. Nb4 Kh7 35. Kf2 Kg6 36. Kf3 1/2-1/2

[Event "16. Sombor open"]
[Site "?"]
[Date "2024.04.12"]
[Round "6.1"]
[White "Vujnovic, Igor"]
[Black "Matkovic, Simana"]
[Result "0-1"]
[WhiteElo "1810"]
[BlackElo "1948"]
[PlyCount "98"]
[EventDate "2024.04.01"]

1. e4 c5 2. Nc3 d6 3. g3 g6 4. Bg2 Bg7 5. d3 Nc6 6. Nge2 e6 7. O-O Nge7 8. Be3
Nd4 9. Rb1 Rb8 10. a3 Bd7 11. b4 O-O 12. Qd2 a6 13. bxc5 dxc5 14. f4 Bc6 15. g4
f5 16. gxf5 gxf5 17. Rf2 Kh8 18. Qc1 Rg8 19. Ng3 Bf6 20. Nce2 Rg6 21. e5 Bh4
22. Bxd4 cxd4 23. Rb4 Bxg2 24. Rxg2 Nc6 25. Rc4 Qd5 26. Ra4 Be7 27. c4 dxc3 28.
Qxc3 Bc5+ 29. d4 Ba7 30. Kf1 Rgg8 31. Rc4 Rbc8 32. Qd3 b5 33. Rc1 Nxd4 34. Rxc8
Rxc8 35. Nc3 Qc4 36. Qxc4 Rxc4 37. Nge2 Nxe2 38. Nxe2 Be3 39. Rg3 Bxf4 40. Nxf4
Rxf4+ 41. Ke2 Re4+ 42. Kf2 Rxe5 43. Rc3 a5 44. Rc6 Kg7 45. Ra6 a4 46. Ra7+ Kg6
47. Rb7 h6 48. Kf3 Rc5 49. Rb6 Kf6 0-1

[Event "16. Sombor open"]
[Site "?"]
[Date "2024.04.12"]
[Round "6.2"]
[White "Lalic, Miroslav"]
[Black "Delija, Dragan"]
[Result "1/2-1/2"]
[WhiteElo "1945"]
[BlackElo "1893"]
[PlyCount "87"]
[EventDate "2024.04.01"]

1. e4 c5 2. Bc4 d6 3. Nf3 e6 4. O-O Nf6 5. d3 Be7 6. Nc3 a6 7. a4 Nc6 8. Re1
Nd4 9. Nxd4 cxd4 10. Ne2 e5 11. f4 Be6 12. Bxe6 fxe6 13. fxe5 dxe5 14. Ng3 O-O
15. b3 Rc8 16. Rf1 Bb4 17. Bg5 h6 18. Bxf6 Rxf6 19. Qe2 Rxf1+ 20. Rxf1 Qg5 21.
Rf2 b5 22. axb5 axb5 23. Nf1 Qc1 24. Qg4 Re8 25. Qh5 Rf8 26. Rxf8+ Kxf8 27. Qe2
Qf4 28. g3 Qg5 29. Kg2 Ke7 30. h3 Qc1 31. Nh2 Kd6 32. Qf2 Qd2 33. Nf3 Qxf2+ 34.
Kxf2 Ba5 35. h4 g6 36. Ke2 b4 37. Nd2 Bc7 38. Kf3 Ke7 39. Kg4 Kf6 40. h5 g5 41.
Nf3 Bd6 42. Nh2 Bc7 43. Kf3 Kg7 44. g4 1/2-1/2

[Event "16. Sombor open"]
[Site "?"]
[Date "2024.04.12"]
[Round "6.3"]
[White "Stojkovic, Andreja"]
[Black "Knezevic, Janko"]
[Result "1-0"]
[WhiteElo "1845"]
[BlackElo "1904"]
[PlyCount "87"]
[EventDate "2024.04.01"]

1. e4 c5 2. Nc3 Nc6 3. f4 d6 4. Nf3 e6 5. d4 cxd4 6. Nxd4 a6 7. Be3 Nf6 8. Nxc6
bxc6 9. e5 Nd5 10. Nxd5 cxd5 11. Bd4 dxe5 12. Bxe5 f6 13. Bd4 Qc7 14. Qd2 Bd6
15. g3 O-O 16. Bg2 Bb7 17. Be3 Rad8 18. Qf2 Qa5+ 19. c3 Qb5 20. a4 Qe8 21. O-O
Bc6 22. Bb6 Rc8 23. a5 Bb5 24. Rfe1 Qf7 25. Qd2 Bc4 26. Qd1 Kh8 27. Bh3 Rfe8
28. Re3 Bc5 29. Bxc5 Rxc5 30. Qd4 Rc6 31. Rae1 Kg8 32. Bf5 h6 33. Bc2 Rb8 34.
b4 Bb5 35. Bb3 Rbc8 36. f5 Bc4 37. fxe6 Qe7 38. Bc2 Rd6 39. Qf4 d4 40. cxd4 Bd5
41. Qf5 Rxc2 42. Qxc2 Rxe6 43. Rxe6 Bxe6 44. Qc6 1-0

[Event "16. Sombor open"]
[Site "?"]
[Date "2024.04.12"]
[Round "6.4"]
[White "Mandaric, Petar"]
[Black "Novakovic, Aleksandar"]
[Result "1/2-1/2"]
[WhiteElo "1851"]
[BlackElo "1981"]
[PlyCount "80"]
[EventDate "2024.04.01"]

1. e4 e5 2. Nf3 Nc6 3. Bc4 Nf6 4. d3 Be7 5. c3 O-O 6. Bb3 d5 7. exd5 Nxd5 8.
O-O Bg4 9. h3 Bh5 10. g4 Bg6 11. Re1 Nf6 12. Nxe5 Nxe5 13. Rxe5 Bxd3 14. Rxe7
Qxe7 15. Qxd3 Rad8 16. Qe3 Qd7 17. Qf3 Rfe8 18. Bg5 Re1+ 19. Kg2 Qb5 20. Nd2
Rxa1 21. Bxf6 Rxd2 22. Bd4 Qf1+ 23. Kg3 Rd3 24. Be3 Rxe3 25. Qxe3 Qe1 26. Qd4
Qe7 27. Kg2 b6 28. Qf4 g5 29. Qf5 Kh8 30. Bxf7 Re1 31. Bd5 Re2 32. Qc8+ Kg7 33.
Qg8+ Kh6 34. Bf3 Rxb2 35. Qd5 Qd6 36. Qf7 Qf4 37. Qe6+ Kg7 38. Qe7+ Kh6 39.
Qe6+ Kg7 40. Qe7+ Kh6 1/2-1/2

[Event "16. Sombor open"]
[Site "?"]
[Date "2024.04.12"]
[Round "6.5"]
[White "Beslin, Igor"]
[Black "Gajcin, Sinisa"]
[Result "1-0"]
[WhiteElo "1954"]
[BlackElo "1834"]
[PlyCount "87"]
[EventDate "2024.04.01"]

1. e4 c5 2. Nf3 g6 3. d4 cxd4 4. Nxd4 Bg7 5. Nc3 Nc6 6. Be3 Nf6 7. Bc4 O-O 8.
Bb3 d6 9. f3 Bd7 10. Qd2 Nxd4 11. Bxd4 a5 12. a4 Bc6 13. O-O-O Nd7 14. Bxg7
Kxg7 15. Nd5 Nc5 16. Qc3+ Kg8 17. Qc4 Rc8 18. h4 b5 19. axb5 Nxb3+ 20. Qxb3 Rb8
21. c4 Bxd5 22. Rxd5 Qc7 23. Kb1 Rfc8 24. Rc1 Qb6 25. h5 e6 26. Rg5 h6 27. Rg4
g5 28. f4 Rc5 29. Qc3 Qd8 30. Qe3 f6 31. fxg5 fxg5 32. Rg3 Rbc8 33. b3 Qe8 34.
Qf3 Qe7 35. Rf1 Kg7 36. Qc3+ Kh7 37. Rgf3 Kg8 38. Rf6 e5 39. Qxa5 Qh7 40. Rg6+
Kh8 41. Rff6 Qb7 42. Rxh6+ Kg7 43. Rfg6+ Kf8 44. Rh8+ 1-0

[Event "16. Sombor open"]
[Site "?"]
[Date "2024.04.12"]
[Round "6.7"]
[White "Stojakovic, Dusan"]
[Black "Basaric, Ana"]
[Result "1-0"]
[WhiteElo "1775"]
[BlackElo "1580"]
[PlyCount "89"]
[EventDate "2024.04.01"]

1. e4 c5 2. Nf3 Nc6 3. Bb5 g6 4. Bxc6 bxc6 5. c4 Bg7 6. Nc3 Nf6 7. O-O d5 8. d3
O-O 9. Qe2 e6 10. Bg5 Qd7 11. Na4 h6 12. Nxc5 Qe7 13. Be3 Qd8 14. h3 Rb8 15.
Rab1 Nd7 16. Bf4 Rb6 17. Nxd7 Qxd7 18. c5 Rb7 19. Bd6 Re8 20. Qd2 Kh7 21. Ne5
Bxe5 22. Bxe5 Qd8 23. Bd6 Rd7 24. e5 f6 25. f4 Ba6 26. Rf3 Bb5 27. b4 a6 28.
Qc2 Ra7 29. a4 Bxa4 30. Qxa4 Qd7 31. d4 Raa8 32. Ra3 Rec8 33. Qa5 Ra7 34. b5
cxb5 35. Rxb5 Rca8 36. Rb6 Qd8 37. Rab3 f5 38. Rb7+ Rxb7 39. Rxb7+ Kg8 40.
Qxd8+ Rxd8 41. Ra7 g5 42. c6 gxf4 43. c7 Rc8 44. Rb7 Rxc7 45. Bxc7 1-0

[Event "16. Sombor open"]
[Site "?"]
[Date "2024.04.12"]
[Round "6.10"]
[White "Djurosev, Djordje"]
[Black "Kokai, Lea"]
[Result "0-1"]
[WhiteElo "1694"]
[BlackElo "1575"]
[PlyCount "80"]
[EventDate "2024.04.01"]

1. e4 e5 2. Nc3 Nc6 3. f4 Bc5 4. Nf3 d6 5. Bb5 Qe7 6. Nd5 Qd8 7. fxe5 dxe5 8.
Nxe5 Qh4+ 9. g3 Qxe4+ 10. Qe2 Qxh1+ 11. Qf1 Qxd5 12. Nxc6 bxc6 13. Bc4 Qe5+ 14.
Be2 Nf6 15. c3 Bb6 16. d4 Qe7 17. Kd1 O-O 18. Bg5 Bd7 19. Bd3 Rae8 20. Kc2 h6
21. Bf4 Be6 22. Be5 Ng4 23. Qe2 Nxe5 24. dxe5 Bd5 25. Re1 Qe6 26. c4 Bxc4 27.
Bxc4 Qf5+ 28. Bd3 Qf2 29. Qxf2 Bxf2 30. Re2 Bd4 31. Bc4 Rxe5 32. Rd2 Bb6 33.
Rd7 Rc5 34. b3 Re8 35. Kd3 Rf5 36. g4 Re3+ 37. Kc2 Rf2+ 38. Kd1 Ba5 39. Rd8+
Kh7 40. Bd3+ g6 0-1

[Event "16. Sombor open"]
[Site "?"]
[Date "2024.04.15"]
[Round "7.1"]
[White "Matkovic, Simana"]
[Black "Stojkovic, Andreja"]
[Result "0-1"]
[WhiteElo "1948"]
[BlackElo "1845"]
[PlyCount "33"]
[EventDate "2024.04.01"]

1. d4 f5 2. Nc3 Nf6 3. Bg5 d5 4. e3 g6 5. Nf3 Bg7 6. Ne5 Nbd7 7. Be2 c6 8. Bf4
Nxe5 9. Bxe5 O-O 10. O-O Nd7 11. Bxg7 Kxg7 12. Qd2 e5 13. dxe5 Nxe5 14. Qd4 Qf6
15. Na4 b6 16. h3 f4 17. exf4 0-1

[Event "16. Sombor open"]
[Site "?"]
[Date "2024.04.15"]
[Round "7.2"]
[White "Lalic, Miroslav"]
[Black "Beslin, Igor"]
[Result "0-1"]
[WhiteElo "1945"]
[BlackElo "1954"]
[PlyCount "48"]
[EventDate "2024.04.01"]

1. e4 c5 2. Bc4 Nc6 3. a3 e6 4. Nf3 d5 5. exd5 exd5 6. Qe2+ Be7 7. Ba2 Nf6 8.
d3 O-O 9. h3 Re8 10. O-O Bd6 11. Qd1 h6 12. d4 cxd4 13. Nxd4 Nxd4 14. Qxd4 Re4
15. Qd1 Bc7 16. Nc3 Qd6 17. g3 Bb6 18. Nxe4 Nxe4 19. Bf4 Qg6 20. Qxd5 Bxh3 21.
Qxb7 Rf8 22. Kh2 Qh5 23. Qd5 g5 24. Kg1 Qf3 0-1

[Event "16. Sombor open"]
[Site "?"]
[Date "2024.04.15"]
[Round "7.3"]
[White "Delija, Dragan"]
[Black "Vujnovic, Igor"]
[Result "0-1"]
[WhiteElo "1893"]
[BlackElo "1810"]
[PlyCount "100"]
[EventDate "2024.04.01"]

1. d4 e6 2. a3 f5 3. c4 Nf6 4. Nc3 Be7 5. Nf3 O-O 6. e3 b6 7. Be2 Bb7 8. O-O d6
9. b4 Ne4 10. Bb2 Nxc3 11. Bxc3 Bf6 12. Rc1 Nd7 13. Qb3 Qe8 14. Bb2 Rb8 15.
Rfd1 Kh8 16. Qc2 Qg6 17. c5 bxc5 18. dxc5 Bxb2 19. Qxb2 Ne5 20. Ne1 Bd5 21. Qd4
Rf7 22. cxd6 cxd6 23. Rc3 a5 24. b5 h6 25. a4 Rbf8 26. f4 Ng4 27. h3 Nf6 28.
Bf3 Bxf3 29. Nxf3 Ne4 30. Rc2 Qg3 31. b6 Kg8 32. Qb2 Rb8 33. Rdc1 Nc5 34. Qb5
Rfb7 35. Rb1 g5 36. fxg5 hxg5 37. Re2 g4 38. hxg4 fxg4 39. Nh2 Rh7 40. Nf1 Qh4
41. g3 Qh1+ 42. Kf2 Rf8+ 43. Ke1 Ne4 44. Rc2 Rhf7 45. Rbc1 Rxf1+ 46. Ke2 Rxc1
47. Kd3 Rxc2 48. Kxc2 Rf2+ 49. Kd3 Nc5+ 50. Kc3 Qe1+ 0-1

[Event "16. Sombor open"]
[Site "?"]
[Date "2024.04.15"]
[Round "7.5"]
[White "Stojakovic, Dusan"]
[Black "Mandaric, Petar"]
[Result "1/2-1/2"]
[WhiteElo "1775"]
[BlackElo "1851"]
[PlyCount "82"]
[EventDate "2024.04.01"]

1. e4 e5 2. Nf3 Nc6 3. Bc4 d6 4. d3 Be6 5. Bb3 h6 6. c3 Qe7 7. Bxe6 Qxe6 8.
Nbd2 Qd7 9. Nf1 f5 10. exf5 Qxf5 11. Ng3 Qe6 12. Qe2 O-O-O 13. Be3 Re8 14. O-O
d5 15. d4 e4 16. Nd2 Bd6 17. Rad1 Nf6 18. a3 h5 19. h3 h4 20. Nh1 g5 21. Bxg5
Reg8 22. f4 Qf5 23. Rf2 Kb8 24. Nf1 Ne7 25. Ne3 Qe6 26. Rdf1 Rg7 27. f5 Qf7 28.
Bxf6 Qxf6 29. Ng4 Rxg4 30. Qxg4 Rg8 31. Qe2 c5 32. Qe3 cxd4 33. cxd4 Nc6 34.
Rd1 Bc7 35. Rfd2 Qd6 36. Kf1 Qh2 37. Qg1 Qf4+ 38. Rf2 Qe3 39. Re2 Qf4+ 40. Rf2
Qe3 41. Re2 Qf4+ 1/2-1/2

[Event "16. Sombor open"]
[Site "?"]
[Date "2024.04.15"]
[Round "7.8"]
[White "Gajcin, Sinisa"]
[Black "Rajic, Dijana"]
[Result "1-0"]
[WhiteElo "1834"]
[BlackElo "1551"]
[PlyCount "75"]
[EventDate "2024.04.01"]

1. e4 c5 2. Nf3 Nc6 3. d4 cxd4 4. Nxd4 g6 5. c4 Bg7 6. Be3 Nf6 7. Nc3 d6 8. Be2
O-O 9. O-O Ng4 10. Bxg4 Bxg4 11. f3 Bd7 12. Rc1 Qb6 13. Nd5 Qd8 14. b3 e6 15.
Nxc6 bxc6 16. Nc3 Bc8 17. Rf2 Qc7 18. Rd2 Rd8 19. Qc2 Rd7 20. Rcd1 Ba6 21. Qc1
Rad8 22. Rd3 d5 23. Na4 Bb7 24. cxd5 cxd5 25. Qxc7 Rxc7 26. Bxa7 Rcd7 27. Nc5
Ba6 28. Nxa6 Rxa7 29. Nb4 d4 30. a4 e5 31. Kf1 Kf8 32. Ke2 Rb7 33. Nd5 f5 34.
Rb1 Kf7 35. b4 Bf8 36. Rdb3 Ke6 37. Kd3 Rdb8 38. g3 1-0

[Event "16. Sombor open"]
[Site "?"]
[Date "2024.04.15"]
[Round "7.9"]
[White "Kokai, Lea"]
[Black "Basaric, Ana"]
[Result "1/2-1/2"]
[WhiteElo "1575"]
[BlackElo "1580"]
[PlyCount "56"]
[EventDate "2024.04.01"]

1. e4 c5 2. d4 cxd4 3. c3 d3 4. Bxd3 Nc6 5. Nf3 g6 6. O-O Bg7 7. Be3 Nf6 8. Qd2
Ng4 9. Bf4 e5 10. Bg5 Nf6 11. Na3 O-O 12. Bh6 Re8 13. Bxg7 Kxg7 14. Nc4 a6 15.
a4 d5 16. exd5 Nxd5 17. Be4 Nf6 18. Qxd8 Nxd8 19. Bc2 Nc6 20. Rfe1 e4 21. Nfd2
Bf5 22. Nd6 Re7 23. Nxf5+ gxf5 24. Re3 f4 25. Ree1 e3 26. fxe3 fxe3 27. Nc4 Nd5
28. Rad1 Rd8 1/2-1/2

[Event "16. Sombor open"]
[Site "?"]
[Date "2024.04.15"]
[Round "7.10"]
[White "Radisic, Andjelija"]
[Black "Djurosev, Djordje"]
[Result "0-1"]
[WhiteElo "1456"]
[BlackElo "1694"]
[PlyCount "84"]
[EventDate "2024.04.01"]

1. d4 Nf6 2. c4 e6 3. Nc3 Bb4 4. Bd2 c5 5. e3 Nc6 6. Nf3 O-O 7. a3 cxd4 8. exd4
Be7 9. g3 d5 10. cxd5 exd5 11. Bg2 Re8 12. O-O Bg4 13. Be3 Bd6 14. Bg5 Be7 15.
Be3 a6 16. h3 Be6 17. Ng5 Bf5 18. g4 Bd7 19. Nf3 h6 20. Re1 Bd6 21. Qd2 Kh7 22.
Bf4 Qc7 23. Bxd6 Qxd6 24. Qd3+ Kg8 25. Re2 Rxe2 26. Qxe2 Re8 27. Qd2 Ne4 28.
Qc2 f5 29. gxf5 Bxf5 30. Qb3 Nxc3 31. Qxc3 Qd7 32. h4 Be4 33. Re1 Qg4 34. Re3
Rf8 35. Kf1 Ne7 36. Bh1 Nf5 37. Re1 Nxh4 38. Re3 Nxf3 39. Bxf3 Rxf3 40. Rxf3
Qxf3 41. Qxf3 Bxf3 42. Ke1 h5 0-1

[Event "16. Sombor open"]
[Site "?"]
[Date "2024.04.15"]
[Round "7.11"]
[White "Plavsic, Nikola"]
[Black "Kelic, Dusan"]
[Result "1/2-1/2"]
[WhiteElo "1542"]
[BlackElo "1694"]
[PlyCount "33"]
[EventDate "2024.04.01"]

1. d4 Nf6 2. c4 d5 3. cxd5 Nxd5 4. e4 Nb6 5. Nf3 Bg4 6. Nbd2 e6 7. a3 a6 8. h3
Bh5 9. g4 Bg6 10. Bd3 Bd6 11. Nb3 N8d7 12. Qc2 O-O 13. Be3 c6 14. h4 h6 15. g5
h5 16. Nbd2 f5 17. gxf6 1/2-1/2

[Event "16. Sombor open"]
[Site "?"]
[Date "2024.04.17"]
[Round "8.1"]
[White "Vujnovic, Igor"]
[Black "Stojkovic, Andreja"]
[Result "1/2-1/2"]
[WhiteElo "1810"]
[BlackElo "1845"]
[PlyCount "66"]
[EventDate "2024.04.01"]

1. e4 Nc6 2. Nc3 e5 3. Bc4 Bc5 4. Qg4 Kf8 5. Qg3 d6 6. Nf3 h6 7. d3 a6 8. a3
Nge7 9. Be3 Ba7 10. O-O-O Qe8 11. Nd5 Nxd5 12. Bxd5 Be6 13. Bxa7 Rxa7 14. Bxe6
Qxe6 15. d4 exd4 16. Nxd4 Qe5 17. Nxc6 Qxg3 18. hxg3 bxc6 19. e5 Ke7 20. Rhe1
d5 21. Rd3 Re8 22. f4 Rb7 23. f5 Reb8 24. b3 Rb5 25. Rf3 Rc5 26. Kb2 d4 27. f6+
gxf6 28. exf6+ Kd6 29. Rf4 Rd5 30. Rh4 d3 31. Kc3 dxc2 32. Kxc2 h5 33. Reh1 Re8
1/2-1/2